000 00846cam a22002532 4500
999 _c17781
_d17781
001 0000024862
003 OSt
005 20190628101508.0
008 140320s xx 000 0 eng d
020 _a9814577465 :
040 _aKABU
_cKABU
050 _aHD62.5
_b.S65 2016 c. 1
100 1 _aSpinelli, Stephen.
245 1 0 _aNew venture creation :
_bentrepreneurship for the 21st century /
_cStephen Spinelli and Robert J. Adams.
250 _a10th ed.
260 _aNew York :
_bMcGraw-Hill,
_c2016.
300 _axx, 484 p.
650 0 _aNew business enterprises.
_vHandbooks, manuals, etc.
650 0 _aEntrepreneurship.
_vHandbooks, manuals, etc.
700 1 _aAdams, Robert J.
908 _a140320
942 _2lcc
_cBK
_hHD62.5
_i.S65 2016 c. 1